[Event "AUTO-OPEN-961"]
[Site "http://www.queenalice.com/game.php?id=332817"]
[Date "2008.1.8"]
[Round "1"]
[White "conqueror"]
[Black "hk1960"]
[Result "1-0"]
[WhiteElo "1754"]
[BlackElo "1186"]

1. d4 d5 2. c4 dxc4 3. Nc3 e6 4. Nf3 Qf6 5. Bg5 Qf5 6. e4 Qg6 7. Bxc4 f6 8. Bf4
Ne7 9. O-O Qg4 10. Bxc7 Nd7 11. h3 Qh5 12. Bxe6 Nc6 13. Bf4 Bb4 14. Nd5 Na5 15.
Nxb4 Qb5 16. a3 Nb3 17. Qxb3 h5 18. Bf7+ Kd8 19. Rac1 Nb6 20. Bc7+ Ke7 21. Bxb6
1-0

[Event "Red1-Beg-001"]
[Site "http://www.queenalice.com/game.php?id=333475"]
[Date "2008.1.9"]
[Round "1"]
[White "hk1960"]
[Black "soccer6"]
[Result "0-1"]
[WhiteElo "1217"]
[BlackElo "1358"]

1. e4 e6 2. e5 Bb4 3. c3 Be7 4. d4 d6 5. Bf4 f6 6. Be2 Nh6 7. exf6 Bxf6 8. Bb5+
c6 9. Ba4 e5 10. dxe5 Bxe5 11. Be3 Ng4 12. Bd2 Qf6 13. f3 Nh6 14. Ne2 Qg6 15.
Be3 Qxg2 16. Kd2 b5 17. Bc2 Qxf3 18. Na3 Nf5 19. Rf1 Qxe3+ 20. Ke1 Nh4 21. Bd3
Ng2# 0-1

[Event "AUTO-BEG-172"]
[Site "http://www.queenalice.com/game.php?id=333759"]
[Date "2008.1.9"]
[Round "1"]
[White "kingrey"]
[Black "hk1960"]
[Result "1-0"]
[WhiteElo "1291"]
[BlackElo "1207"]

1. d4 d5 2. Nc3 Bf5 3. Bf4 Nd7 4. Nxd5 c6 5. Nc7+ Qxc7 6. Bxc7 e6 7. c3 b5 8. h3
Be7 9. Nf3 Ngf6 10. Rg1 Ne4 11. Qd3 O-O 12. g4 a6 13. gxf5 exf5 14. Ne5 Ndf6 15.
f3 Rac8 16. fxe4 Rxc7 17. Qg3 Nxe4 18. Qxg7# 1-0

[Event "AUTO-BEG-172"]
[Site "http://www.queenalice.com/game.php?id=333760"]
[Date "2008.1.9"]
[Round "1"]
[White "hk1960"]
[Black "kingrey"]
[Result "0-1"]
[WhiteElo "1200"]
[BlackElo "1278"]

1. e4 e5 2. Bc4 Nh6 3. Qf3 Nc6 4. Qg3 Bc5 5. Qxg7 Rg8 6. Qxh6 Rg6 7. Qxh7 Qf6 8.
Bxf7+ Qxf7 9. Qh8+ Rg8 10. Qh4 Rxg2 11. Nh3 d6 12. Qh8+ Ke7 13. Qh4+ Kf8 14. d3
Bxh3 15. Qxh3 Qxf2+ 16. Kd1 Qe2# 0-1

[Event "AUTO-BEG-172"]
[Site "http://www.queenalice.com/game.php?id=333775"]
[Date "2008.1.9"]
[Round "1"]
[White "andres6"]
[Black "hk1960"]
[Result "1-0"]
[WhiteElo "1320"]
[BlackElo "1154"]

1. e4 e5 2. Nf3 f6 3. Bc4 Nh6 4. Nc3 Qe7 5. O-O a6 6. Nd5 Qc5 7. b3 b5 8. Bd3 c6
9. Nc7+ Kd8 10. Nxa8 Bb7 11. c3 Bxa8 12. b4 Qd6 13. Be2 Qe6 14. d4 d6 15. dxe5
Ng4 16. Nd4 Qxe5 17. Bxg4 g6 18. g3 1-0

[Event "AUTO-BEG-172"]
[Site "http://www.queenalice.com/game.php?id=333776"]
[Date "2008.1.9"]
[Round "1"]
[White "hk1960"]
[Black "andres6"]
[Result "0-1"]
[WhiteElo "1164"]
[BlackElo "1310"]

1. d4 d5 2. e3 e5 3. dxe5 Nc6 4. f4 f6 5. h3 Bb4+ 6. c3 Ba5 7. b4 Bb6 8. Nf3 f5
9. Bd3 Nf6 10. g4 fxg4 11. hxg4 Bxg4 12. Bb5 a6 13. Be2 O-O 14. a3 Ne4 15. Nd4
Bxe2 16. Qxe2 Ng3 17. Qg4 Nxh1 0-1

[Event "AUTO-BEG-172"]
[Site "http://www.queenalice.com/game.php?id=333788"]
[Date "2008.1.9"]
[Round "1"]
[White "gabriel15matias"]
[Black "hk1960"]
[Result "1-0"]
[WhiteElo "1026"]
[BlackElo "1145"]

1. e4 e5 2. Nf3 Bc5 3. Bc4 Nf6 4. Nc3 d6 5. Ng5 Qe7 6. Bxf7+ Kf8 7. Qf3 h6 8.
Nd5 Nfd7 9. Nxe7 Kxe7 10. Bg6 hxg5 11. Qf7+ Kd8 12. d3 c6 13. Qxg7 Rh4 14. Bxg5+
Kc7 15. Bxh4 1-0

[Event "Challenge"]
[Site "http://www.queenalice.com/game.php?id=333918"]
[Date "2008.1.9"]
[Round "-"]
[White "hk1960"]
[Black "Johannes_D"]
[Result "1-0"]
[WhiteElo "1146"]
[BlackElo "859"]

1. d4 d5 2. b4 e6 3. e3 Bd7 4. Nc3 Qf6 5. Nf3 Qh4 6. Nxh4 Ba4 7. Nxa4 b5 8. Nc5
Nf6 9. Qd3 Ne4 10. Nxe4 dxe4 11. Qxe4 Bxb4+ 12. Bd2 Nc6 13. Qxc6+ Kf8 14. Qxa8+
Ke7 15. Qxh8 Ba3 16. Bxb5 a6 17. Qxh7 Bb2 18. Rd1 Ba3 19. Qxg7 a5 20. Bxa5 e5
21. Qxe5+ Kd8 22. Nf5 Bd6 23. Qf6+ Kc8 24. Qxf7 Be7 25. Nxe7+ Kb7 26. Nd5 Ka7
27. Nxc7 Kb8 28. Rd3 Kb7 29. Rc3 Ka7 30. Rc6 Kb8 31. Rd6 Kb7 32. Rd8 Ka7 33.
Ne6# 1-0

[Event "Challenge"]
[Site "http://www.queenalice.com/game.php?id=334451"]
[Date "2008.1.10"]
[Round "-"]
[White "hk1960"]
[Black "CJ"]
[Result "0-1"]
[WhiteElo "1156"]
[BlackElo "1693"]

1. e4 e5 2. Qf3 Nf6 3. Bc4 Bc5 4. Qf5 d6 5. Qg5 Nxe4 6. Qxg7 Ke7 7. Qh6 Nxf2 8.
Qh4+ Ke8 9. Qg3 Nxh1 10. d3 Nxg3 11. hxg3 Bxg1 12. Bh6 Qf6 13. Nd2 Qf2+ 14. Kd1
Bh2 15. c3 Qg1+ 16. Kc2 Qxa1 17. Bg5 Bxg3 18. Bf6 Bg4 19. Ne4 Qd1# 0-1

[Event "Challenge"]
[Site "http://www.queenalice.com/game.php?id=334452"]
[Date "2008.1.10"]
[Round "-"]
[White "hk1960"]
[Black "CJ"]
[Result "0-1"]
[WhiteElo "1165"]
[BlackElo "1685"]

1. e4 d6 2. Qf3 Nf6 3. Bb5+ c6 4. Bc4 Bg4 5. Qf4 e5 6. Qg5 Nxe4 7. Qxg4 d5 8.
Bd3 Nf6 9. Qf5 Bc5 10. Qxe5+ Qe7 11. Nf3 O-O 12. O-O Nbd7 13. b3 Nxe5 14. a4
Nxf3+ 15. gxf3 Nh5 16. Ba3 Qg5+ 17. Kh1 Nf4 18. Bxc5 Qg2# 0-1

[Event "Challenge"]
[Site "http://www.queenalice.com/game.php?id=334453"]
[Date "2008.1.10"]
[Round "-"]
[White "hk1960"]
[Black "CJ"]
[Result "0-1"]
[WhiteElo "1189"]
[BlackElo "1766"]

1. e4 Nf6 2. Bb5 Nxe4 3. f3 Nd6 4. c4 c6 5. Ba4 e6 6. Nc3 Nxc4 7. b3 Bb4 8. Ne4
Bxd2+ 9. Bxd2 Nb2 10. Qc2 Nxa4 11. bxa4 d5 12. Nc5 Qh4+ 13. g3 Qe7 14. h4 b6 15.
Ne2 bxc5 16. Bc1 f5 17. Ba3 Na6 18. Rb1 Rb8 19. Rxb8 Nxb8 20. Bxc5 Qb7 21. h5
Nd7 22. f4 Nxc5 23. Qxc5 Qb1+ 24. Nc1 Qe4+ 25. Kd2 Qg2+ 26. Kc3 Qxg3+ 27. Nd3
d4+ 28. Kxd4 e5+ 29. Kxe5 Qxd3 30. Qxc6+ Bd7 31. Qa8+ Ke7 32. Qxh8 Qe4# 0-1

[Event "Challenge"]
[Site "http://www.queenalice.com/game.php?id=334454"]
[Date "2008.1.10"]
[Round "-"]
[White "hk1960"]
[Black "CJ"]
[Result "0-1"]
[WhiteElo "1228"]
[BlackElo "1767"]

1. e4 Nf6 2. d3 c6 3. b3 g6 4. e5 Nd5 5. c4 Nb4 6. d4 e6 7. a3 N4a6 8. Be2 f6 9.
Bf4 f5 10. c5 b6 11. b4 Qe7 12. Nf3 bxc5 13. dxc5 Bb7 14. Qb3 Qf7 15. Nbd2 Bc8
16. Ng5 Qe7 17. Bc4 h6 18. Qa4 hxg5 19. Be3 f4 20. Bxa6 Nxa6 21. Nc4 fxe3 22.
Nb6 axb6 23. fxe3 bxc5 24. b5 g4 25. bxa6 Qh4+ 26. g3 Qh3 27. Qc2 Bxa6 28. O-O-O
c4 29. Qxg6+ Kd8 30. Rhe1 Bxa3+ 31. Kb1 Rb8+ 32. Kc2 Qxh2+ 33. Rd2 Rb2+ 34. Kd1
Qxd2# 0-1

[Event "King Game"]
[Site "http://www.queenalice.com/game.php?id=335325"]
[Date "2008.1.12"]
[Round "-"]
[White "korobolita"]
[Black "hk1960"]
[Result "1-0"]
[WhiteElo "1261"]
[BlackElo "1187"]

1. e4 e5 2. Nf3 d6 3. Bb5+ Nc6 4. O-O a6 5. Bc4 Nb4 6. d3 c5 7. c3 Be7 8. Bg5 f6
9. Bh4 g5 10. Bg3 Bg4 11. Qa4+ Kf8 12. Nbd2 h5 13. cxb4 Bd7 14. b5 a5 15. Bd5
1-0